| 000 | 00895nam a2200241 a 4500 | ||
|---|---|---|---|
| 001 | 40171 | ||
| 003 | BD-RjUL | ||
| 005 | 20211209053143.0 | ||
| 008 | 160423s1970 bg ||||| |||| 00| 0 ben d | ||
| 020 | _c: IRs 4.50 | ||
| 035 | _a(BD-RjUL)40286 | ||
| 040 |
_aBD-RjUL _bben _cBD-RjUL |
||
| 041 | _aben | ||
| 082 |
_223 _a297 _bSAK 1970 |
||
| 245 | 0 | 0 |
_aসেকালের তরুণ মোসলেম / _cদৌলত আহমদ খাঁ খাদিম সংকলিত ও অনূদিত |
| 260 |
_aঢাকা : _bবাংলা একাডেমী, _c১৯৭০ |
||
| 300 |
_a খণ্ড ; _c২১ সেমি. |
||
| 505 | _aখণ্ড ১ -- | ||
| 650 |
_aইসলাম _9123677 |
||
| 650 |
_aIslam _9123678 |
||
| 700 |
_aখাদিম, দৌলত আহমদ খাঁ, সংকলিত ও অনূদিত _9123679 |
||
| 942 |
_2ddc _cBK |
||
| 999 |
_c40171 _d40171 |
||